<?xml version="1.0" encoding="UTF-8"?><?xml-stylesheet type="text/xsl" href="static/style.xsl"?><OAI-PMH xmlns="http://www.openarchives.org/OAI/2.0/" xmlns:xsi="http://www.w3.org/2001/XMLSchema-instance" xsi:schemaLocation="http://www.openarchives.org/OAI/2.0/ http://www.openarchives.org/OAI/2.0/OAI-PMH.xsd"><responseDate>2026-04-18T08:17:43Z</responseDate><request verb="GetRecord" identifier="oai:www.recercat.cat:10230/27684" metadataPrefix="marc">https://recercat.cat/oai/request</request><GetRecord><record><header><identifier>oai:recercat.cat:10230/27684</identifier><datestamp>2025-12-19T20:26:36Z</datestamp><setSpec>com_2072_6</setSpec><setSpec>col_2072_452954</setSpec></header><metadata><record xmlns="http://www.loc.gov/MARC21/slim" xmlns:dcterms="http://purl.org/dc/terms/" xmlns:xsi="http://www.w3.org/2001/XMLSchema-instance" xmlns:doc="http://www.lyncode.com/xoai" xsi:schemaLocation="http://www.loc.gov/MARC21/slim http://www.loc.gov/standards/marcxml/schema/MARC21slim.xsd">
   <leader>00925njm 22002777a 4500</leader>
   <datafield ind2=" " ind1=" " tag="042">
      <subfield code="a">dc</subfield>
   </datafield>
   <datafield ind2=" " ind1=" " tag="720">
      <subfield code="a">Porras Garzón, Jorge Mario</subfield>
      <subfield code="e">author</subfield>
   </datafield>
   <datafield ind2=" " ind1=" " tag="260">
      <subfield code="c">2016-12-02T12:15:28Z</subfield>
   </datafield>
   <datafield ind2=" " ind1=" " tag="260">
      <subfield code="c">2016-12-02T12:15:28Z</subfield>
   </datafield>
   <datafield ind2=" " ind1=" " tag="260">
      <subfield code="c">2016</subfield>
   </datafield>
   <datafield ind2=" " ind1=" " tag="520">
      <subfield code="a">Tutora: Rosa Estopà</subfield>
   </datafield>
   <datafield ind2=" " ind1=" " tag="520">
      <subfield code="a">Este trabajo pretende hacer una aproximación al uso que se le da a la neología especializada en el ámbito de las enfermedades raras, en los textos dirigidos a especialistas y en los textos dirigidos a pacientes y sus familiares. La finalidad de este trabajo era construir dos corpus diferentes para hacer una detección de las unidades terminológicas nuevas y luego un análisis que permitió observar cuáles eran los recursos de formación de neologismos especializados más utilizados. Además se pudo observar que en ámbito hay una gran dependencia denominativa del inglés. Los resultados también nos mostraron que en los textos dirigidos a pacientes y familiares, las unidades terminológicas nuevas no se introducen como nuevas, sino que se utilizan como si ya fueran conocidas por el usuario de estos textos. Esta es una interferencia lingüística adicional que impide una asimilación completa y satisfactoria de la información que se pretende dar en estos textos.</subfield>
   </datafield>
   <datafield tag="653" ind2=" " ind1=" ">
      <subfield code="a">Castellà mèdic</subfield>
   </datafield>
   <datafield tag="653" ind2=" " ind1=" ">
      <subfield code="a">Malalties rares -- Terminologia</subfield>
   </datafield>
   <datafield tag="653" ind2=" " ind1=" ">
      <subfield code="a">Corpus (Lingüística)</subfield>
   </datafield>
   <datafield tag="653" ind2=" " ind1=" ">
      <subfield code="a">Llengües d&amp;apos;especialitat</subfield>
   </datafield>
   <datafield ind2="0" ind1="0" tag="245">
      <subfield code="a">Una aproximación al uso de la neología especializada en el ámbito de las enfermedades raras</subfield>
   </datafield>
</record></metadata></record></GetRecord></OAI-PMH>